000 01295cam a2200349 a 4500
005 20260322212045.0
008 data
010 _a 2009023477
015 _aGBA995177
_2bnb
016 7 _a015381268
_2Uk
020 _a9781572246959 (pbk. : alk. paper)
020 _a1572246952 (pbk. : alk. paper)
040 _aDLC
_cDLC
_dDLC
_dBTCTA
_dYDXCP
_dUKM
_dORX
_dQBX
_dDLC
050 0 0 _aQP360
_b.H335 2009
082 0 0 _a612.8
_222
092 _a612.8 H335 2009
100 1 _aHanson, Rick.
245 1 0 _aBuddha's brain :
_bthe practical neuroscience of happiness, love & wisdom /
_cRick Hanson & Richard Mendius.
260 _aOakland, CA :
_bNew Harbinger Publications,
_cc2009.
300 _ax, 251 p. :
_bill. ;
_c23 cm.
504 _aIncludes bibliographical references (p. [235]-251).
650 0 _aNeuropsychology.
650 0 _aHappiness.
650 0 _aLove.
650 0 _aWisdom.
650 0 _aBuddhism and science.
700 1 _aMendius, Richard.
906 _a7
_bcbc
_corignew
_d1
_eecip
_f20
_gy-gencatlg
925 0 _aacquire
_b2 shelf copies
_xpolicy default
_eclaim1 2010-03-17
955 _wrd13 2009-06-16
_fxh10 2010-04-28 Z-CipVer to BCCD
_txg22 2010-07-07 copy 2 added
001 data
999 _c1054
_d1054